Movies Quiz

Random Movies or Actor Quiz

Actors from Heat Quiz Stats

 Plays Quiz Updated Feb 18, 2020

     
Support Sporcle.
Go Orange.
Score 0/20 Timer 06:00
0 Plays Today
Character Actor % Correct
Vincent HannahAl Pacino
97.2%
Neil McCauleyRobert De Niro
96.6%
Chris ShiherlisVal Kilmer
84.5%
Michael CherittoTom Sizemore
44%
Charlene ShiherlisAshley Judd
42.5%
LaurenNatalie Portman
40.2%
TrejoDanny Trejo
35.7%
NateJon Voight
33.4%
Alan MarcianoHank Azaria
18.6%
EadyAmy Brenneman
18.5%
Character Actor % Correct
Donald BreedanDennis Haysbert
16.1%
Dr. BobJeremy Piven
14.8%
Roger Van ZanWilliam Fichtner
14.7%
Hugh BennyHenry Rollins
14.3%
CasalsWes Studi
14.3%
Sergeant DruckerMykelti Williamson
13.8%
BoskoTed Levine
13.4%
Justine HannahDiane Venora
11.3%
Richard TorenaTone Loc
10.9%
WaingroKevin Gage
7%

From the Vault

Rocky Balboa Opponents

by uconngary7

Movies 2m
I must break you...
Remove Ads.
Support Sporcle.
Get the best of Sporcle when you Go Orange. This ad-free experience offers more features, more stats, and more fun while also helping to support Sporcle. Thank you for becoming a member.

Show Comments

Extras

Top Quizzes Today


Score Distribution

Your Account Isn't Verified!

In order to create a playlist on Sporcle, you need to verify the email address you used during registration. Go to your Sporcle Settings to finish the process.

Report this User

Report this user for behavior that violates our Community Guidelines.

Details: